|
|
|
|
| LEADER |
01765cas a2200241 a 4500 |
| 001 |
AALejournalIMF008337 |
| 008 |
230101c9999 xx r poo 0 0eng d |
| 020 |
|
|
|c 5.00 USD
|
| 020 |
|
|
|z 9781451859676
|
| 022 |
|
|
|a 1018-5941
|
| 040 |
|
|
|a BD-DhAAL
|c BD-DhAAL
|
| 110 |
2 |
|
|a International Monetary Fund.
|
| 245 |
1 |
0 |
|a Tunisia's Experience with Real Exchange Rate Targeting and the Transition to a Flexible Exchange Rate Regime.
|
| 264 |
|
1 |
|a Washington, D.C. :
|b International Monetary Fund,
|c 2002.
|
| 300 |
|
|
|a 1 online resource (27 pages)
|
| 490 |
1 |
|
|a IMF Working Papers
|
| 500 |
|
|
|a <strong>Off-Campus Access:</strong> No User ID or Password Required
|
| 500 |
|
|
|a <strong>On-Campus Access:</strong> No User ID or Password Required
|
| 506 |
|
|
|a Electronic access restricted to authorized BRAC University faculty, staff and students
|
| 520 |
3 |
|
|a Over the past decade or so, Tunisia has experienced a strong economic performance while pursuing a constant real exchange rate rule (CRERR). The limitations of this rule are now beginning to emerge in the context of a more open economy, regional integration, a more market-based monetary policy, and the desire to relax capital controls. This paper explores how Tunisia avoided the pitfalls of real exchange rate targeting as predicted by the theoretical models. By estimating the equilibrium real exchange rate based on fundamental variables and assessing different measures of competitiveness, the paper finds no evidence of a misalignment in the current level of the exchange rate.
|
| 538 |
|
|
|a Mode of access: Internet
|
| 830 |
|
0 |
|a IMF Working Papers; Working Paper ;
|v No. 2002/190
|
| 856 |
4 |
0 |
|z Full text available on IMF
|u http://elibrary.imf.org/view/journals/001/2002/190/001.2002.issue-190-en.xml
|z IMF e-Library
|